2705-大阪モノレールの駅 - Statistics

General Stats
  • This quiz has been taken 271 times
  • The average score is 14 of 19
Answer Stats
本線 % Correct
大阪空港
97%
万博記念公園
96%
万博記念公園
96%
門真市
94%
蛍池
91%
彩都西
91%
千里中央
89%
山田
88%
南茨木
86%
大日
76%
摂津
67%
阪大病院前
65%
沢良宜
62%
柴原阪大前
60%
少路
59%
宇野辺
59%
公園東口
59%
南摂津
57%
豊川
49%
No matching quizzes found
Score Distribution
Percent of People with Each Score
Percentile by Number Answered
Your Score History
You have not taken this quiz